| 000 | 00773nam a2200217 u 4500 | ||
|---|---|---|---|
| 005 | 20240919064135.0 | ||
| 008 | 131126s1999 mx r 000 0 spa d | ||
| 020 | _a9683676022 | ||
| 035 | _aUPN01000194259 | ||
| 049 | _aCG | ||
| 050 | 4 |
_aF1221 C5.7 _bA4.2 |
|
| 100 | 1 |
_aAlejos García, José _935639 |
|
| 245 | 1 | 0 |
_aCh'ol / Kaxlan : _bidentidades étnicas y conflicto agrario en el norte de Chiapas, 1914-1940 / _cJosé Alejos García. |
| 260 |
_aMéxico : _bUNAM, Instituto de Investigaciones Filológicas, Centro de Estudios Mayas, _c1999. |
||
| 300 |
_a340 p. : _bil., mapas |
||
| 650 | 4 |
_aCholes _xIdentidad étnica _923146 |
|
| 650 | 4 |
_aCHOLES - _xAGRICULTURA _923144 |
|
| 650 | 4 |
_aCHOLES - _xRELACIONES CON EL GOBIERNO _923145 |
|
| 905 | _aLibro | ||
| 999 |
_c166360 _d166360 |
||